| 000 | 00436nam a2200169 a 4500 | ||
|---|---|---|---|
| 005 | 20210223123622.0 | ||
| 008 | 991125n197 [s. 000 0 spa u | ||
| 035 | _aUPN01000056965 | ||
| 049 | _aCG | ||
| 050 | 4 |
_aHX266 _bG3.7 |
|
| 100 | 1 |
_aGaraudy, Roger, _d1913- |
|
| 245 | 1 | 0 |
_aToda la verdad / _cRoger Garaudy |
| 260 |
_a[S.l.] : _bContinental, _c197- |
||
| 300 | _a263 p. | ||
| 650 | 4 |
_aCOMUNISMO - _zFRANCIA _910273 |
|
| 905 | _aLibro | ||
| 999 |
_c56965 _d56965 |
||